Survivability/lethality analysis.

Saved in:
Bibliographic Details
Corporate Author: U.S. Army Research Laboratory.
Format: Book
Language:English
Published: [Adelphi, Md.] : U.S. Army Research Laboratory, [1998?]
Subjects:
Tags: Add Tag
No Tags, Be the first to tag this record!
LEADER 00640cam a2200217Ia 4500
001 007714312-4
005 20020606104010.5
008 980219s1998 mdua f00000 eng d
035 0 |a ocm38466159 
040 |a GPO  |c GPO 
043 |a n-us--- 
074 |a 0325 
086 0 |a D 101.2:L 11/3/SURVIV. 
245 0 0 |a Survivability/lethality analysis. 
260 |a [Adelphi, Md.] :  |b U.S. Army Research Laboratory,  |c [1998?] 
300 |a 1 folded sheet (6 p.) :  |b col. ill. ;  |c 28 cm. 
500 |a Shipping list no.: 98-0138-P. 
610 2 0 |a U.S. Army Research Laboratory. 
710 2 |a U.S. Army Research Laboratory. 
988 |a 20020608 
906 |0 OCLC